000 00360nam a2200169Ia 4500
003 0100
008 130303s9999 xx 000 0 und d
040 _cARRUPELIB
050 _aBP75.K43
100 _aKelen, Betty
245 _aMuhammad, the messenger of God
260 _aNY
260 _bPocket Books
260 _C1975
300 _a277p
942 0 0 _01
999 _c29679
_d29679